| 000 | 00539cam a2200181 4500500 | ||
|---|---|---|---|
| 005 | 20260329002506.0 | ||
| 041 | _afre | ||
| 042 | _adc | ||
| 100 | 1 | 0 |
_aLacroix, Alexandre _eauthor |
| 245 | 0 | 0 | _aVers la fin de l’exception terrestre ? |
| 260 | _c2012. | ||
| 500 | _a86 | ||
| 690 | _aMars | ||
| 690 | _aRobot | ||
| 690 | _aTerre | ||
| 786 | 0 | _nPhilosophie magazine | 63 | 10 | 2012-10-01 | p. 17-17 | 1951-1787 | |
| 856 | 4 | 1 | _uhttps://shs.cairn.info/magazine-philosophie-magazine-2012-10-page-17?lang=fr&redirect-ssocas=7080 |
| 999 |
_c1815536 _d1815536 |
||